• 首页
  • 本馆介绍
  • 公告通知
  • 最新文献
  • 馆藏检索
  • 电子资源
  • 读者导购
  • 参考咨询
  • 我的图书馆
  • 登录
  • 详细信息显示
  • 放入我的书架
  • 预约/预借图书
  • 作者相关作品
  • 分类相关作品
  • 丛书相关作品
  • 出版社相关作品

书目信息

  • 表格格式
  • 工作单格式
  • 卡片格式
题名:
AppleScript权威指南
    
 
作者: Matt Neuburg 著
分册:  
出版信息: 北京   中国电力出版社  2009.03
页数: 538页
开本: 24cm
丛书名:
单 册:
中图分类: TP316.84-62
科图分类:
主题词: 操作系统--MacOS--程序设计--指南
电子资源:
ISBN: 978-7-5083-8292-0
000 00647nam0 2200217 45
005 20110617102056.78
010    @a978-7-5083-8292-0@dCNY88.00
100    @a20091012d2009 ekmy0chiy0120 ea
101 0  @achi
102    @aCN@b110000
105    @ay z 000yy
200 1  @aAppleScript权威指南@AAppleScript Quan Wei Zhi Nan@e第二版@fMatt Neuburg著
210    @a北京@c中国电力出版社@d2009.03
215    @a538页@d24cm
517 1  @a第二版@Adi er ban
606 0  @a操作系统@xMacOS@x程序设计@x指南
690    @aTP316.84-62@v4
701  0 @aMatt Neuburg@4著
801  0 @aCN@b杨继星@c20110617
905   @aBZT@dTP316.84-62@e1@f5
906    @dCNY88.00@n0@r1
    
    AppleScript权威指南:第二版/Matt Neuburg著.-北京:中国电力出版社,2009.03
    538页;24cm
    
    
    ISBN 978-7-5083-8292-0:CNY88.00
    
●
相关链接 在五车中查询图书 在当当中查询图书 在豆瓣中查询图书


正题名:AppleScript权威指南     索取号:TP316.84-62/1         预约/预借

序号 登录号 条形码 馆藏地/架位号 状态 备注
1 750454   2000750454   中心书库中库/ 中库027架A面1列5层6/ [索取号:TP316.84-62/1] 在馆    
2 750455   2000750455   中心书库中库/ 中库027架A面1列5层11/ [索取号:TP316.84-62/1] 在馆    
3 750456   2000750456   中心书库中库/ 中库027架A面1列5层5/ [索取号:TP316.84-62/1] 在馆    
4 750457   2000750457   中心书库中库/ 中库027架A面1列5层10/ [索取号:TP316.84-62/1] 在馆    
5 750458   2000750458   中心书库中库/ 中库027架A面1列5层8/ [索取号:TP316.84-62/1] 在馆    
6 791903   2000791903   中心书库中库/ 中库027架A面1列5层15/ [索取号:TP316.84-62/1] 在馆    
7 791904   2000791904   中心书库中库/ 中库027架A面1列5层7/ [索取号:TP316.84-62/1] 在馆    
8 791905   2000791905   中心书库中库/ 中库027架A面1列5层14/ [索取号:TP316.84-62/1] 在馆    
9 791906   2000791906   中心书库中库/ 中库027架A面1列5层9/ [索取号:TP316.84-62/1] 在馆    
10 791907   2000791907   中心书库中库/ 中库027架A面1列5层13/ [索取号:TP316.84-62/1] 在馆    
11 791908   2000791908   中心书库中库/ 中库027架A面1列5层12/ [索取号:TP316.84-62/1] 在馆    
山东省滨州职业学院图书馆 欢迎您!
大连网信软件有限公司© 版权所有